banner-ar

نظرية الخطوط المتوازية فى المصادر العربية مابين القرنين الثالث والثامن للهجرة - التاسع والرابع عشر للميلاد / (Record no. 46228)

MARC details
000 -الفاتح
حقل البيانات ثابتة الطول 00948nam a2200241Ia 4500
008 - عناصر البيانات ثابتة الطول - معلومات عامة
حقل البيانات ثابتة الطول 140319s9999 xx 000 0 ara d
040 ## - مصدر الفهرسة
وكالة الفهرسة الأصلية GCL /
وكالة النسخ GCL
082 04 - رقم تصنيف ديوى العشرى
رقم التصنيف 509
رقم المادة ر ن
100 1# - المدخل الرئيسى - إسم شخصى
الإسم الشخصى كمال نجيب
245 10 - بيان العنوان
العنوان نظرية الخطوط المتوازية فى المصادر العربية مابين القرنين الثالث والثامن للهجرة - التاسع والرابع عشر للميلاد /
بيان المسئوليه,etc كمال نجيب
700 1# - المدخل الاضافى - اسم شخصى
الإسم الشخصى سامى شلهوب
700 1# - المدخل الاضافى - اسم شخصى
الإسم الشخصى روزنفليد، ب. ا.
700 1# - المدخل الاضافى - اسم شخصى
الإسم الشخصى يوسكوفتش، ا. ب.
300 ## - الوصف المادى
التعداد 202 ص
490 ## - بيان السلسلة
عنوان السلسلة مصادر ودراسات فى تاريخ الرياضيات العربية
رقم المجلد/ التعيين التسلسلي 0
650 04 - المدخل الاضافى بالموضوع-مصطلح موضوعى
مصطلح موضوعي العلوم عند العرب
650 04 - المدخل الاضافى بالموضوع-مصطلح موضوعى
مصطلح موضوعي العلماء المسلمون
650 04 - المدخل الاضافى بالموضوع-مصطلح موضوعى
مصطلح موضوعي الحضارة الاسلامية
650 04 - المدخل الاضافى بالموضوع-مصطلح موضوعى
مصطلح موضوعي الهندسة - تاريخ
650 04 - المدخل الاضافى بالموضوع-مصطلح موضوعى
مصطلح موضوعي الهندسة - نظريات
942 ## - عناصر المدخل الإضافي( كوها)
مصدر التصنيف او مخطط الترفيف Dewey Decimal Classification
Koha [default] item type كتاب
Holdings
حالة التراجع حالة الفقد حالة تلف ليس للاعارة المكان المؤقت الموقع الحالى تاريخ الاكتساب اجمالي اﻻعارات رقم الطلب الباركود تاريخ اخر مشاهدة تاريخ تفعيل السعر نوع وعاء كوها
        مكتبة القاهرة الكبرى مكتبة القاهرة الكبرى 03/26/2014   509\ر ن 112510 03/26/2014 03/26/2014 كتاب
        مكتبة القاهرة الكبرى مكتبة القاهرة الكبرى 03/26/2014   509\ر ن 112511 03/26/2014 03/26/2014 كتاب
        مكتبة القاهرة الكبرى مكتبة القاهرة الكبرى 03/26/2014   509\ر ن 112512 03/26/2014 03/26/2014 كتاب

Powered By

EGPV